Making sense of change management : (Record no. 2798)

MARC details
000 -LEADER
fixed length control field 00978cam a2200229 a 4500
020 ## - INTERNATIONAL STANDARD BOOK NUMBER
ISBN 9780749453107
020 ## - INTERNATIONAL STANDARD BOOK NUMBER
ISBN 0749453109
050 00 - CALL NUMBER
Classification number HD58.8
Item number .C317 2009
100 1# - AUTHOR
Personal name Cameron, Esther.
245 10 - TITLE
Title Making sense of change management :
Remainder of title a complete guide to the models, tools & techniques of organizational change /
Statement of responsibility, etc Esther Cameron & Mike Green.
250 ## - EDITION
Edition statement 2nd ed.
260 ## - PUBLICATION INFORMATION
Place of publication London ;
-- Philadelphia :
Name of publisher Kogan Page,
Year of publication c2009.
300 ## - DESCRIPTION
Number of Pages xi, 370 p. :
Other physical details ill. ;
Dimensions 24 cm.
500 ## - NOTES
General note Includes index
505 ## - FORMATTED CONTENTS NOTE
Table of Content Introduction; 1 Individual change; 2 Team change; 3 Organizational change; 4 Leading change; 5 Restructuring; 6 Mergers and acquisitions; 7 Cultural change; 8 IT-based process change; Conclusion; References; Index.
650 #0 - SUBJECTS
Topical Term Organizational change
General subdivision Management.
650 #0 - SUBJECTS
Topical Term Teams in the workplace
General subdivision Management.
650 #0 - SUBJECTS
Topical Term Reengineering (Management)
650 #0 - SUBJECTS
Topical Term Information technology
General subdivision Management.
700 1# - OTHER AUTHORS
Personal name Green, Mike,
942 ## - ADDED ENTRY ELEMENTS (KOHA)
Koha item type Books
Holdings
Withdrawn status Lost status Collection code Home library Current library Shelving location Date acquired Full call number Accession Number Koha item type
    Non-fiction Methodist University Library Main Methodist University Library Main General Stacks 22/12/2014 HD58.8 .C317 2009 1003 Books
    Reference Methodist University Library Main Methodist University Library Main General Stacks 22/12/2014 HD58.8 .C317 2009 1002 Books
Copyright © 2026  MUG Library